000
00293nam a2200121Ia 4500
008
240624s9999 xx 000 0 und d
041
_a
eng
082
_a
657 BAP
100
_a
BAPAT VARADRAJ
245
_a
FINANCIAL ACCOUNTING
260
_c
2012
_a
New Delhi
_b
Tata McGraw-Hill
365
_c
RS
_b
33
999
_c
25979
_d
25979